Moses Maldonado

Bibliographic Details
Main Author: Švub, Josef (Author)
Format: Article
Language:Slovak
PhysicalDescription:Fotogr.
ISSN:1335-7867
Subjects:

MARC

LEADER 00000nab a2200000 ar4500
001 vtls008842205
003 SK-MaSNL
005 20260303063120.0
008 060825c2006 xo wr|p|||||||000 b|slo
015 |a SNBRB2006/08  |2 snkbucl 
038 |a SNKBUCL 
040 |a SNKBUCL  |b slo  |c SNKBUCL  |e AACR2 
041 0 |a slo 
044 |a xo  |c SK 
080 |a 796.894.071  |2 UDC-MRF-SK2 
080 |a 929 Maldonado, Moses  |2 UDC-MRF-SK2 
100 1 |a Švub, Josef  |4 aut  |9 376894 
245 1 0 |a Moses Maldonado  |c Josef Švub 
300 |b Fotogr. 
600 1 7 |a Maldonado, Moses  |d 1958-  |2 snkbucl  |9 1059844 
773 0 |t Muscle a fitness  |g Roč. XVI, č. 9 (2006), s. 69  |x 1335-7867 
852 |a SNK  |b KIS3GCP 
958 |a BC 
999 |c 1741813  |d 1743743